|
|
|
|
| LEADER |
00000naa a2200000 ar4500 |
| 001 |
vtls010090167 |
| 003 |
SK-MaSNL |
| 005 |
20260426023823.0 |
| 008 |
100429c2007 xo qr|p|||||||000 b|slo |
| 015 |
|
|
|a SNBRA2010/04
|2 snkbucl
|
| 038 |
|
|
|a SNKBUCL
|
| 040 |
|
|
|a SNKBUCL
|b slo
|c SNKBUCL
|e AACR2
|
| 041 |
0 |
|
|a slo
|b eng
|
| 044 |
|
|
|a xo
|c SK
|
| 080 |
|
|
|a 658.14:330.131.7
|x (4-11)
|2 2001
|
| 080 |
|
|
|a 336.76:330.131.7
|x (4-11)
|2 2001
|
| 100 |
1 |
|
|a Pásztorová, Janka,
|d 1960-
|4 aut
|9 216533
|
| 245 |
1 |
0 |
|a Alternatívne formy financovania v období krízy
|c Janka Pásztorová
|
| 300 |
|
|
|b Graf, tab.
|
| 500 |
|
|
|a Pozn. pod čiarou
|
| 504 |
|
|
|a Bibliogr. odkazy
|
| 546 |
|
|
|a Res. angl.
|
| 650 |
0 |
7 |
|a podniky
|2 snkbucl
|9 923
|
| 650 |
0 |
7 |
|a financovanie
|2 snkbucl
|9 16004
|
| 650 |
0 |
7 |
|a private equity
|2 snkbucl
|9 837144
|
| 651 |
|
7 |
|a Európa stredná
|2 snkbucl
|9 23970
|
| 651 |
|
7 |
|a Európa východná
|2 snkbucl
|9 167635
|
| 773 |
0 |
|
|t a Česko a Slovensko v medzinárodnom obchode a podnikaní : meniace sa riziká v medzinárodnom obchode a ich dopad na slovenskú a českú ekonomiku : 9. medzinárodná vedecká konferencia
|d Bratislava : Ekonomická univerzita, 2009
|g S. 219-225
|z 9788022527675
|
| 852 |
|
|
|a SNK
|b KIS3GCP
|
| 958 |
|
|
|a NB
|
| 999 |
|
|
|c 1353285
|d 1355215
|